000 00523nam a22002057a 4500
003 OSt
005 20140310183005.0
008 130209t xxu||||| |||| 00| 0 eng d
020 _a9789712347375
050 _aRT 42
_b.Aq56 2007
100 _aAquino, Avelina M.
245 _aStudy and thinking skills for nursing /
_cAvelina M. Aquino
260 _aManila :
_bRex Book Store,
_c2007.
300 _a265 p. :
_c22 cm.
521 _aNUR
562 _e2
942 _2lcc
_cBK
_kLOC
999 _c18169
_d18169